| 000 | 00885cam a22002655a 4500 | ||
|---|---|---|---|
| 001 | 1142448 | ||
| 005 | 20201128024213.0 | ||
| 008 | 950320t1996 nyua frb 001 0 eng d | ||
| 020 | _a0471599468 | ||
| 020 | _a9780471599463 | ||
| 040 |
_aDLC _cDLC _dDLC _dEG-ScBUE _beng |
||
| 082 | 0 | 4 |
_a155.24 _222 _bHAN |
| 245 | 0 | 0 |
_aHandbook of coping : _btheory, research, applications / _cedited by Moshe Zeidner and Norman S. Endler. |
| 260 |
_aNew York : _bWiley & Sons, _cc.1996. |
||
| 300 |
_axxi, 728 p. : _bill. ; _c24 cm. |
||
| 504 | _aIncludes bibliographical references and indexes. | ||
| 650 | 7 |
_aAdjustment (Psychology) _2BUEsh |
|
| 650 | 7 |
_aStress (Psychology) _2BUEsh _9937 |
|
| 650 | 7 |
_aAdaptability (Psychology) _2BUEsh |
|
| 651 | _2BUEsh | ||
| 653 |
_bEEENG _cDecember2017 |
||
| 700 | 1 |
_aZeidner, Moshe, _eeditor. |
|
| 700 | 1 |
_aEndler, Norman S., _d1931- _eeditor. |
|
| 942 | _2ddc | ||
| 999 |
_c25745 _d25717 |
||